Calculus / James Stewart, Daniel Clegg, Saleem Watson (Record no. 22210)

000 -LEADER
fixed length control field 00538nam a2200169 4500
020 ## - INTERNATIONAL STANDARD BOOK NUMBER
ISBN 9780357113462
082 ## - DEWEY DECIMAL CLASSIFICATION NUMBER
Classification number 515.15
Item number St849
100 ## - MAIN ENTRY--AUTHOR NAME
Personal name Stewart, James, author.
245 ## - TITLE STATEMENT
Title Calculus / James Stewart, Daniel Clegg, Saleem Watson
250 ## - EDITION STATEMENT
Edition statement Ninth edition.
260 ## - PUBLICATION, DISTRIBUTION, ETC. (IMPRINT)
Place of publication [Place of publication not identified] :
Name of publisher Cengage Learning, Inc.,
Year of publication c2021.
300 ## - PHYSICAL DESCRIPTION
Number of Pages xxx, 1,252 pages :
Other physical details illustrations.
650 ## - SUBJECT ADDED ENTRY--TOPICAL TERM
Topical Term Calculus—Textbooks.
700 ## - ADDED ENTRY--PERSONAL NAME
Personal name Clegg, Daniel, author.
700 ## - ADDED ENTRY--PERSONAL NAME
Personal name Watson, Saleem, author.
942 ## - ADDED ENTRY ELEMENTS (KOHA)
Koha item type Electronic Books
Holdings
Source of acquisition Permanent Location Date acquired Collection code Koha item type Lost status Shelving location Withdrawn status Current Location Full call number
DonationCagayan State University - Carig Library2026-04-15E-BooksElectronic Books E-Resource Section Cagayan State University - Carig Library515.15 St849 2021

Cagayan State University University Library, Carig Campus
Tuguegarao City, Cagayan 3500 | www.csucarig.edu.ph

Powered by Koha